| 000 | 00722nam a22001937a 4500 | ||
|---|---|---|---|
| 003 | 0 | ||
| 005 | 20250117105204.0 | ||
| 008 | 250117b xxu||||| |||| 00| 0 eng d | ||
| 050 |
_aHM 742 _b.G64 2024 |
||
| 100 | _aGonzales, Arlen P. | ||
| 245 |
_aThe impact of social media in personal privacy among filipino adolescents int he province of pampanga _cArlen P. Gonzales |
||
| 260 |
_aLas Pinas City _bSouthville International School and Colleges _c2024 |
||
| 300 |
_axiii, 189 pages : _billustrations ; _c29cm. |
||
| 504 | _aIncludes bibliographical references and appendices. | ||
| 650 | _aSocial Media -- Effects. | ||
| 650 | _aPrivacy--Online Security. | ||
| 650 | _aAdolescents-- social media. | ||
| 942 |
_2lcc _cTH |
||
| 999 |
_c367012 _d367012 |
||